| 000 | 00864cam a2200241 4500 | ||
|---|---|---|---|
| 001 | 5347 | ||
| 005 | 20181127175348.0 | ||
| 008 | 070924s2008 ilua b 001 0deng | ||
| 010 | _a 2007038565 | ||
| 020 | _a141431342X (hardcover) | ||
| 020 | _a9788184950427 | ||
| 043 | _an-us--- | ||
| 100 | 1 | _aOstergard, Philip L. | |
| 245 | 1 | 4 |
_aAbraham Lincoln : _bthe inspirational wisdom of Abraham Lincoln / _cPhilip L. Ostergard. |
| 260 |
_aAhmedabad : _bJaico Publishing House, _c2015. |
||
| 300 |
_axx, 272 p. : _bill. ; _c24 cm. |
||
| 600 | 1 | 0 |
_aLincoln, Abraham, _d1809-1865 _vConcordances. |
| 600 | 1 | 0 |
_aLincoln, Abraham, _d1809-1865 _xLiterary art. |
| 600 | 1 | 0 |
_aLincoln, Abraham, _d1809-1865 _xOratory. |
| 600 | 1 | 0 |
_aLincoln, Abraham, _d1809-1865 _xReligion. |
| 630 | 0 | 0 |
_aBible _vQuotations. |
| 650 | 0 |
_aChristianity and politics _zUnited States _xHistory _y19th century. |
|
| 999 |
_c4489 _d4489 |
||